| 000 | nam a22 7a 4500 | ||
|---|---|---|---|
| 999 |
_c11589 _d11589 |
||
| 008 | 171123b xxu||||| |||| 00| 0 eng d | ||
| 020 | _a0-582-60617-9 | ||
| 040 |
_aBsu _dBsu |
||
| 082 |
_222 _a636.4 EUS |
||
| 100 |
_aEusebio A.J _921942 |
||
| 245 | _aPig Productton in the tropics | ||
| 260 |
_aBritain _bLongman science & technical |
||
| 300 |
_ax, 115 p; _bill _c19cm |
||
| 650 | _2Agriculture | ||
| 942 |
_2ddc _cBK |
||